Marine and coastal protected areas : (Registro nro. 1845)

Detalles MARC
000 -CABECERA
Campo de control 01677cam a2200385 a 4500
005 - FECHA Y HORA DE LA ULTIMA TRANSACCION
Campo de control 20191224041615.0
008 - ELEMENTOS DE LONGITUD FIJA—INFORMACION GENERAL
Campo de control 010125s2000 sz ab b 000 0 eng
020 ## - ISBN
ISBN 2831705401
040 ## - FUENTE DE CATALOGACIÓN
Agencia catalogadora original DLC
Agencia transcriptora DLC
Agencia Modificadora DLC
-- CO-BoIAVH
041 0# - IDIOMA
Código de idioma para texto/pista de sonido o título separado Inglés
044 ## - PAÍS DE PUBLICACIÓN
País de publicación Suiza
082 00 - NUMERO DE CLASIFICACION DECIMAL DEWEY
Número de clasificación 333.916416
Número del ítem S17m
100 1# - ASIENTO PRINCIPAL--NOMBRE PERSONAL
Nombre personal Salm, Rodney V.
9 (RLIN) 13392
245 10 - MENCION DE TITULO
Título Marine and coastal protected areas :
Parte restante del título a guide for planners and managers /
Mención de responsabilidad Rodney V. Salm and John R. Clark with Erkki Siirila.
250 ## - MENCION DE EDICION
Mención de edición Tercera edición
260 ## - PUBLICACION, DISTRIBUCION, ETC. (PIE DE IMPRENTA)
Lugar de publicación, distribución, etc. Gland, Switzerland :
Nombre del editor, distribuidor, etc. International Union for Conservation of Nature and Natural Resources ;
Lugar de publicación, distribución, etc. Washington DC :
Nombre del editor, distribuidor, etc. Available from IUCN Marine Programme,
Fecha de publicación, distribución, etc. c2000.
300 ## - DESCRIPCION FISICA
Extensión xxi, 370 páginas :
Otros detalles físicos Ilustraciones, mapas ;
Dimensiones 25 x 18 cm.
504 ## - NOTA DE BIBLIOGRAFIA, ETC.
Nota de bibliografía Incluye referencias bibliográficas: páginas 359-370.
650 #0 - ASIENTO SECUNDARIO DE MATERIA - TERMINO TEMATICO
Término temático o nombre geográfico como elemento de entrada Marine parks and reserves
Subdivisión general Management.
9 (RLIN) 62997
650 #0 - ASIENTO SECUNDARIO DE MATERIA - TERMINO TEMATICO
Término temático o nombre geográfico como elemento de entrada Marine parks and reserves
Subdivisión general Management
Subdivisión de forma Case studies.
9 (RLIN) 62998
650 #0 - ASIENTO SECUNDARIO DE MATERIA - TERMINO TEMATICO
Término temático o nombre geográfico como elemento de entrada Coastal zone management.
9 (RLIN) 62999
650 #0 - ASIENTO SECUNDARIO DE MATERIA - TERMINO TEMATICO
Término temático o nombre geográfico como elemento de entrada Coastal zone management
Subdivisión de forma Case studies.
9 (RLIN) 63000
650 #0 - ASIENTO SECUNDARIO DE MATERIA - TERMINO TEMATICO
Término temático o nombre geográfico como elemento de entrada Marine resources conservation.
9 (RLIN) 63001
650 #0 - ASIENTO SECUNDARIO DE MATERIA - TERMINO TEMATICO
Término temático o nombre geográfico como elemento de entrada Marine resources conservation
Subdivisión de forma Case studies.
9 (RLIN) 63002
650 #0 - ASIENTO SECUNDARIO DE MATERIA - TERMINO TEMATICO
Término temático o nombre geográfico como elemento de entrada Environmental protection.
9 (RLIN) 35
650 #0 - ASIENTO SECUNDARIO DE MATERIA - TERMINO TEMATICO
Término temático o nombre geográfico como elemento de entrada Environmental protection
Subdivisión de forma Case studies.
9 (RLIN) 63004
650 26 - ASIENTO SECUNDARIO DE MATERIA - TERMINO TEMATICO
Término temático o nombre geográfico como elemento de entrada Protección ambiental
9 (RLIN) 63005
650 26 - ASIENTO SECUNDARIO DE MATERIA - TERMINO TEMATICO
Término temático o nombre geográfico como elemento de entrada Estudios de casos
9 (RLIN) 1161
650 16 - ASIENTO SECUNDARIO DE MATERIA - TERMINO TEMATICO
Término temático o nombre geográfico como elemento de entrada Conservación de los recursos marinos
9 (RLIN) 31800
650 26 - ASIENTO SECUNDARIO DE MATERIA - TERMINO TEMATICO
Término temático o nombre geográfico como elemento de entrada Parques marinos
9 (RLIN) 62982
700 1# - ASIENTO SECUNDARIO - NOMBRE PERSONAL
Nombre personal Clark, John R.,
Fechas asociadas con el nombre 1927-
9 (RLIN) 63007
700 1# - ASIENTO SECUNDARIO - NOMBRE PERSONAL
Nombre personal Siirila, Erkki.
9 (RLIN) 13398
710 2# - ASIENTO SECUNDARIO - NOMBRE CORPORATIVO
Nombre corporativo o de jurisdicción como elemento de entrada International Union for Conservation of Nature and Natural Resources.
9 (RLIN) 63008
942 ## - ELEMENTOS ADICIONALES (KOHA)
Sistema de clasificación Dewey Decimal Classification
Tipo de ítem Libro
Existencias
Withdrawn status Lost status Sistema de Clasificación Damaged status No para préstamo Colección Inventariado Ubicación Permanente Ubicación actual Fecha de adquisición Fuente de Valor Valor Total Checkouts Número topográfico Inventario / Código de Barras Date last seen Ejemplar Price effective from Forma de adquisición Tipo de material
    Dewey Decimal Classification     General Inventariado 2017 Bogotá Bogotá 25/01/2001 Instituto 39000.00   LB-333.916416 S17m 002310 04/12/2012 Ej. 1 04/12/2012   Libro
    Dewey Decimal Classification     General Inventariado 2017 Sala Fabio Quevedo Sala Fabio Quevedo 23/02/2005 Instituto 39000.00   LB-333.916416 S17m 017382 04/12/2012 Ej. 2 04/12/2012 Donación Libro